[Event "Warsaw Najdorf Memorial op-B"]
[Site "Warsaw"]
[Date "2021.07.16"]
[Round "7"]
[White "Kopaniewski, Jakub"]
[Black "Obrycki, Tomasz"]
[Result "1-0"]
[WhiteElo "1634"]
[BlackElo "1404"]
[PlyCount "81"]
[EventDate "2021.07.10"]
[EventType "swiss"]
[EventRounds "9"]
[EventCountry "POL"]
[SourceTitle "EXT 2022"]
[Source "ChessBase"]
[SourceDate "2021.10.06"]
[SourceVersion "1"]
[SourceVersionDate "2021.10.06"]
[SourceQuality "1"]

1. d4 Nf6 2. Bg5 d6 3. Nc3 Nbd7 4. e4 e5 5. Bc4 Be7 6. Nf3 c6 7. a4 Qc7 8. 0-0 0-0 9. Re1 Rd8 10. h3 Nf8 11. d5 Ng6 12. Qe2 Nh5 13. g3 Bxh3 14. dxc6 bxc6 15. Nh2 Nxg3 16. fxg3 Bxg5 17. Qh5 Bd2 18. Qxh3 Bxe1 19. Rxe1 Qb6+ 20. Kh1 Qxb2 21. Bxf7+ Kxf7 22. Nf3 Nf8 23. Rf1 Kg8 24. Ng5 h6 25. Nf7 Rd7 26. Nxh6+ gxh6 27. Nd1 Qb4 28. Qf5 Qc4 29. Ne3 Qe6 30. Qh5 Qg6 31. Rxf8+ Kh7 32. Qxg6+ Kxg6 33. Rxa8 d5 34. Ng4 Re7 35. Rg8+ Kf7 36. Nxh6+ Ke6 37. Rg6+ Kd7 38. Nf5 Rh7+ 39. Kg2 Rh8 40. exd5 cxd5 41. Rd6+ 1-0